|
|
|
|
| LEADER |
00655nam a2200205Ia 4500 |
| 008 |
240829s9999 xx 000 0 und d |
| 020 |
|
|
|a 84-362-2952-5
|
| 040 |
|
|
|a BIBLIOTECA-RUSB/ 371.102 S511
|
| 041 |
|
|
|a spa
|
| 082 |
|
|
|a 371.102 S511
|
| 100 |
1 |
|
|a Sevillano García, María Luisa
|
| 245 |
1 |
0 |
|a Estrategias de enseñanza y aprendizaje en la reforma
|
| 260 |
|
|
|a Madrid, España
|b Universidad Nacional de Educación a Distancia (UNED)
|c 1993
|
| 300 |
|
|
|a 162 p. :il.
|
| 650 |
7 |
|
|a ENSEÑANZA-ESTRATEGIAS
|
| 650 |
7 |
|
|b RADIO Y TELEVISION-ENSEÑANZA
|
| 650 |
7 |
|
|c ENSEÑANZA-MEDIOS DE COMUNICACION
|
| 942 |
|
|
|c BK
|2 ddc
|
| 991 |
|
|
|a TEXTO
|
| 999 |
|
|
|c 1117
|